Production and operations management text and cases
Uložené v:
| Hlavný autor: | |
|---|---|
| Médium: | Kniha |
| Jazyk: | English |
| Vydavateľské údaje: |
New York
Prentice Hall
1991
|
| Vydanie: | 2. ed |
| Predmet: | |
| Tagy: |
Žiadne tagy, Buďte prvý, kto otaguje tento záznam!
|
MARC
| LEADER | 00000nam a2200000 4500 | ||
|---|---|---|---|
| 001 | c100960 | ||
| 005 | 20221123102309.7 | ||
| 020 | |a 0-13-723727-8 | ||
| 041 | 0 | |a eng | |
| 044 | |a US | ||
| 245 | 1 | 0 | |a Production and operations management |b text and cases |c Terry Hill |
| 250 | |a 2. ed | ||
| 264 | 1 | |a New York |b Prentice Hall |c 1991 | |
| 300 | |a 656 s. | ||
| 610 | 2 | 0 | |a manažment |
| 610 | 2 | 0 | |a riadenie |
| 610 | 2 | 0 | |a riadenie výroby |
| 610 | 2 | 0 | |a riadenie operatívne |
| 610 | 2 | 0 | |a prevádzky |
| 610 | 2 | 0 | |a manažéri |
| 610 | 2 | 0 | |a stratégia podniková |
| 610 | 2 | 0 | |a kontrola podniková |
| 610 | 2 | 0 | |a kontrola riadenia |
| 610 | 2 | 0 | |a kontrola výroby |
| 610 | 2 | 0 | |a kontrola kvality |
| 610 | 2 | 0 | |a štúdie prípadové |
| 100 | 1 | |a Hill, Terry | |